5 villes les plus peuplés du lot - Statistics

General Stats
  • This quiz has been taken 34 times
  • The average score is 3 of 5
Answer Stats
Population (2024) ViIIe % Correct
20 141 Cahors
100%
9 741 Figeac
72%
4 080 Gourdon
61%
3 496 Gramat
39%
3 600 Pradines
22%
No matching quizzes found
Score Distribution
Percent of People with Each Score
Percentile by Number Answered
Your Score History
You have not taken this quiz